Statistics for A ICE from Karlsruhe to Marseille

Click here to take the quiz!

General Stats

  • This quiz has been taken 5 times
  • The average score is 12 of 32

Answer Stats

Answer% Correct
Baden-Baden
100%
Karlsruhe
100%
Rastatt
100%
Straßburg
100%
Ettlingen
80%
Colmar
60%
Dijon
60%
Kehl
60%
Lyon
60%
Marseille
60%
Aix-en-Provence
40%
Avignon
40%
Besancon
40%
Mulhouse
40%
Orange
40%
Selestat
40%
Valence
40%
Belfort
20%
Chalon-sur-Saone
20%
Dole
20%
Illkirch-Graffenstaden
20%
Macon
20%
Montbeliard
20%
Montelimar
20%
Vienne
20%
Villefranche-sur-Saone
20%
Cavillion
0%
Lyon Perrache
0%
Lyon Saints Paul
0%
Marseille Saint Antoine
0%
Salon-de-Provence
0%
Straßburg Krimmeri Meinau
0%

Score Distribution

Percentile by Number Answered

Percent of People with Each Score

Your Score History

You have not taken this quiz